<?xml version='1.0' encoding='UTF-8'?><?xml-stylesheet href='static/style.xsl' type='text/xsl'?><OAI-PMH xmlns="http://www.openarchives.org/OAI/2.0/" xmlns:xsi="http://www.w3.org/2001/XMLSchema-instance" xsi:schemaLocation="http://www.openarchives.org/OAI/2.0/ http://www.openarchives.org/OAI/2.0/OAI-PMH.xsd"><responseDate>2026-04-30T13:54:59Z</responseDate><request verb="GetRecord" identifier="oai:ebiltegia.mondragon.edu:20.500.11984/5027" metadataPrefix="marc">https://ebiltegia.mondragon.edu/oai/request</request><GetRecord><record><header><identifier>oai:ebiltegia.mondragon.edu:20.500.11984/5027</identifier><datestamp>2024-01-04T21:57:03Z</datestamp><setSpec>com_20.500.11984_1736</setSpec><setSpec>com_20.500.11984_1627</setSpec><setSpec>col_20.500.11984_1972</setSpec></header><metadata><record xmlns="http://www.loc.gov/MARC21/slim" xmlns:dcterms="http://purl.org/dc/terms/" xmlns:xsi="http://www.w3.org/2001/XMLSchema-instance" xmlns:doc="http://www.lyncode.com/xoai" xsi:schemaLocation="http://www.loc.gov/MARC21/slim http://www.loc.gov/standards/marcxml/schema/MARC21slim.xsd">
   <leader>00925njm 22002777a 4500</leader>
   <datafield ind2=" " ind1=" " tag="042">
      <subfield code="a">dc</subfield>
   </datafield>
   <datafield ind2=" " ind1=" " tag="720">
      <subfield code="a">Mondragon Unibertsitatea</subfield>
      <subfield code="e">author</subfield>
   </datafield>
   <datafield ind2=" " ind1=" " tag="260">
      <subfield code="c">2017-07-17</subfield>
   </datafield>
   <datafield ind2=" " ind1=" " tag="520">
      <subfield code="a">Gaur, 2017ko uztailaren 17an egindako doktorego tesi aurkezpenean, bikain 'cum laude' nazioarteko aipamenarekin  lortu du Mondragon Unibertsitateko Humanitate eta Hezkuntza Zientzien Fakultateko Maite Lopez ikertzaileak. Doktore berriak Eskoriatzako campusean aurkeztu du "Buscar, evaluar y seleccionar información digital: una experiencia didáctica en Educación Secundaria Obligatoria" izeneko tesia.</subfield>
   </datafield>
   <datafield ind2=" " ind1=" " tag="520">
      <subfield code="a">En la defensa realizada hoy, día 17 de julio, la investigadora de la Facultad de Humanidades y Ciencias de la Educación de Mondragon Unibertsitatea Maite Lopez ha obtenido la calificación de sobresaliente 'cum laude' con mención internacional. La presentación de la tesis "Buscar, evaluar y seleccionar información digital: una experiencia didáctica en Educación Secundaria Obligatoria" se llevó a cabo en el campus de Eskoriatza.</subfield>
   </datafield>
   <datafield ind1="8" ind2=" " tag="024">
      <subfield code="a">https://hdl.handle.net/20.500.11984/5027</subfield>
   </datafield>
   <datafield tag="653" ind2=" " ind1=" ">
      <subfield code="a">Humanitate eta Hezkuntza Zientzien Fakultatea</subfield>
   </datafield>
   <datafield ind2="0" ind1="0" tag="245">
      <subfield code="a">Maite Lopezek bikain 'cum laude' nazioarteko aipamenarekin lortu du bere doktore tesian</subfield>
   </datafield>
   <datafield ind2="0" ind1="0" tag="245">
      <subfield code="a">Maite Lopez, sobresaliente 'cum laude' con mención internacional en su tesis doctoral</subfield>
   </datafield>
</record></metadata></record></GetRecord></OAI-PMH>